| 000 | 03010cam a2200445 i 4500 | ||
|---|---|---|---|
| 001 | 22479195 | ||
| 003 | JO-AjAnu | ||
| 005 | 20240806110240.0 | ||
| 008 | 220325s2024 maua b 001 0 eng | ||
| 010 | _a 2022014626 | ||
| 020 |
_a9781284238532 _q(paperback) |
||
| 040 |
_aDNLM/DLC _beng _erda _cDLC _dDLC |
||
| 042 | _apcc | ||
| 050 | 0 | 0 |
_aRM214.3 _b.H65 2024 |
| 060 | 0 | 0 | _aWB 18 |
| 082 | 0 | 0 |
_a615.8/54 _223/eng/20220727 |
| 100 | 1 |
_aBeto, Judith A., _eauthor. |
|
| 245 | 1 | 0 |
_aNutrition counseling and education skills: _ba practical guide / _cJudith A. Beto, PhD, RDN, LDN, FAND, Professor Emeritus, Department of Nutrition Sciences, Dominican University, River Forest, Illinois, Betsy B. Holli, EdD, RDN, LDN, Professor Emeritus, Department of Nutrition Sciences, Dominican University, River Forest, Illinois; Nutrition and Dietetic Educators and Preceptors of the Academy of Nutrition and Dietetics. |
| 250 | _aEighth edition. | ||
| 264 | 1 |
_aBurlington, MA : _bJones & Bartlett Learning, _c[2024] |
|
| 300 |
_axviii, 261 pages : _bcolor illustrations ; _c28 cm |
||
| 336 |
_atext _btxt _2rdacontent |
||
| 337 |
_aunmediated _bn _2rdamedia |
||
| 338 |
_avolume _bnc _2rdacarrier |
||
| 500 | _aPreceded by Nutrition counseling and education skills / Betsy B. Holli, Judith A. Beto. Philadelphia : Wolters Kluwer Health, [2018]. | ||
| 504 | _aIncludes bibliographical references and index. | ||
| 505 | 0 | _aExpanding Scope of Nutrition Practice -- Communication -- Interviewing -- Integrating Cultural Awareness, Humility, and Respect in Communication -- Stages and Processes of Health Behavior Change -- Person-Centered Counseling -- Counseling for Behavior Modification -- Counseling for Cognitive Change -- Counseling Through the Life Span -- Principles and Theories of Learning -- Planning Learning -- Implementing and Evaluating Learning -- Delivering Oral Presentations -- Using Instructional Media -- Facilitating Group Learning. | |
| 520 |
_a"Nutrition Counseling and Education Skills: A Guide for Professionals helps students develop the communications, counseling, interviewing, motivational, and professional skills they'll need as Registered Dietitian professionals. Throughout the book, the authors focus on effective nutrition interventions, evidence-based theories and models, clinical nutrition principles, and knowledge of behavioral science and educational approaches"-- _cProvided by publisher. |
||
| 650 | 1 | 2 | _aDiet Therapy |
| 650 | 2 | 2 | _aNutrition Therapy |
| 650 | 2 | 2 |
_aNutritionists _xeducation |
| 650 | 2 | 2 |
_aPatient Education as Topic _xmethods |
| 650 | 2 | 2 |
_aHealth Communication _xmethods |
| 650 | 2 | 2 |
_aCounseling _xmethods |
| 700 | 1 |
_aHornick, Betsy A., _eauthor. |
|
| 700 | 1 |
_iPreceded by (work): _aHolli, Betsy B. _tNutrition counseling and education skills. |
|
| 906 |
_a7 _bcbc _corignew _d1 _eecip _f20 _gy-gencatlg |
||
| 942 |
_2lcc _cBK _n0 |
||
| 999 |
_c33633 _d33633 |
||